000 00643nam a2200205Ia 4500
001 10191
003 GE_BSU
008 181216s||||||||xx |||||||||||||| ||und||
040 _cGE_BSU
100 _aრურუა,ილია
245 _aმწვანე კორდი
245 _bმოთხრობები
245 _cრედ:ც.ჩხეიძე;მხატვ:ო.ჯიშკარიანი.
260 _aთბილისი
260 _bმერანი
260 _c1969
300 _a175გვ;20სმ.
653 _aმწვანე კორდი:მოთხრობები
942 _cBK
999 _c43460
_d43460